[Event "SVK-ch Blitz"]
[Site "Nitra"]
[Date "2022.10.29"]
[Round "10"]
[White "Zsitva, Norbert"]
[Black "Biro, Karol"]
[Result "0-1"]
[WhiteElo "1912"]
[BlackElo "2016"]
[PlyCount "100"]
[EventDate "2022.10.29"]
[EventType "swiss"]
[EventRounds "13"]
[EventCountry "SVK"]
[SourceTitle "EXT 2024"]
[Source "ChessBase"]
[SourceDate "2023.10.10"]
[SourceVersion "1"]
[SourceVersionDate "2023.10.10"]
[SourceQuality "1"]

1. e4 d6 2. d4 e5 3. Nf3 exd4 4. Nxd4 Nc6 5. Be3 Nf6 6. f3 Nxd4 7. Bxd4 Be7 8. Bc4 Be6 9. Qe2 0-0 10. 0-0 Bxc4 11. Qxc4 Qd7 12. Nc3 Qc6 13. Qxc6 bxc6 14. Rfe1 Rfe8 15. Rad1 Nd7 16. Re2 f6 17. Red2 Kf7 18. Bf2 Nf8 19. Ne2 Ne6 20. Nd4 c5 21. Nc6 Nd8 22. Nxd8+ Rexd8 23. c3 Ke6 24. g4 g6 25. Kg2 a5 26. b3 a4 27. b4 cxb4 28. cxb4 Rdb8 29. a3 Rb7 30. Rc2 Rd8 31. Rc6 Rd7 32. Rdc1 f5 33. Re1 fxg4 34. fxg4 Bf6 35. Re2 Be5 36. h3 Rf7 37. Bh4 h5 38. Rf2 hxg4 39. hxg4 Rh7 40. Bg3 Bd4 41. Re2 Rb6 42. Rec2 Kd7 43. Bf2 Rxc6 44. Rxc6 Kxc6 45. Bxd4 Kb5 46. Kf3 Kc4 47. Ba7 c5 48. Bb6 cxb4 49. axb4 a3 50. Ke3 a2 0-1

[Event "SVK-chT2A 1920"]
[Site "Slovakia"]
[Date "2020.02.16"]
[Round "9.4"]
[White "Biro, Karol"]
[Black "Brunovsky, Peter"]
[Result "1/2-1/2"]
[WhiteElo "2022"]
[BlackElo "1910"]
[PlyCount "195"]
[EventDate "2019.10.26"]
[EventType "team-tourn"]
[EventRounds "11"]
[EventCountry "SVK"]
[SourceTitle "CBM 195 Extra"]
[Source "ChessBase"]
[SourceDate "2020.05.31"]
[SourceVersion "1"]
[SourceVersionDate "2020.05.31"]
[SourceQuality "1"]
[WhiteTeam "Krasnany"]
[BlackTeam "Gbely Nafta"]
[WhiteTeamCountry "SVK"]
[BlackTeamCountry "SVK"]

1. d4 c6 2. e3 d5 3. Bd3 Nf6 4. h3 g6 5. Nf3 Bg7 6. 0-0 0-0 7. Nbd2 Bf5 8. Re1 Bxd3 9. cxd3 Nbd7 10. b3 Ne8 11. Bb2 Nc7 12. Qc2 Ne6 13. Rac1 Rc8 14. Qb1 Qb6 15. Ne5 Nxe5 16. dxe5 Rfd8 17. Nf3 Qa6 18. d4 Bh6 19. Red1 Re8 20. a4 Qb6 21. Ba3 a5 22. Qd3 Ra8 23. Rc2 Qa6 24. Ne1 Qxd3 25. Nxd3 f5 26. f4 Kf7 27. g4 Bg7 28. Kh2 Rg8 29. Rg1 Bh6 30. Bc1 Bg7 31. Bd2 Ra6 32. gxf5 gxf5 33. Be1 Bf8 34. Rxg8 Kxg8 35. Rc1 Kf7 36. Kg2 Ke8 37. Kf3 Kf7 38. Ke2 Ke8 39. Bd2 Kf7 40. Rb1 Ke8 41. Bc3 Kf7 42. Kd2 Ke8 43. Nc5 Nxc5 44. dxc5 e6 45. Bd4 Be7 46. Kc3 b6 47. Kd3 bxc5 48. Bc3 Bd8 49. Kc2 Ra7 50. Rg1 Kf8 51. Kd3 Rg7 52. Rxg7 Kxg7 53. Bd2 Bb6 54. Bc1 Kg6 55. Bd2 Kh5 56. Be1 c4+ 57. bxc4 dxc4+ 58. Ke2 c3 59. Bxc3 Kh4 60. Kf3 Kh5 61. Be1 Kg6 62. Ke2 Kf7 63. Kd3 Ke8 64. e4 Kd7 65. exf5 exf5 66. Bc3 Ke6 67. Bd4 c5 68. Bc3 Kd5 69. Kc2 c4 70. Bd2 Bd8 71. Be3 Bc7 72. Bd2 Bb6 73. Bc3 Bd8 74. Kd1 Ke4 75. Ke2 Kxf4 76. e6 Ke4 77. Bxa5 Be7 78. Bc3 Kd5 79. Ke3 Bg5+ 80. Kf3 Kxe6 81. a5 Kd5 82. Be1 Kc6 83. h4 Bh6 84. Bc3 Kb5 85. Ke2 Bc1 86. Kf3 h5 87. Be1 f4 88. Bc3 Be3 89. Ke4 Bf2 90. Bf6 Bg3 91. Bc3 Bxh4 92. Kxf4 Be7 93. Ke4 Bc5 94. Kd5 Bf2 95. a6 Kxa6 96. Kxc4 h4 97. Kd3 h3 98. Be5 1/2-1/2

[Event "SVK-chT2A 1920"]
[Site "Slovakia"]
[Date "2020.01.26"]
[Round "7.4"]
[White "Biro, Karol"]
[Black "Oprea, Erik"]
[Result "0-1"]
[WhiteElo "2022"]
[BlackElo "2121"]
[PlyCount "86"]
[EventDate "2019.10.26"]
[EventType "team-tourn"]
[EventRounds "11"]
[EventCountry "SVK"]
[SourceTitle "CBM 194 Extra"]
[Source "ChessBase"]
[SourceDate "2020.03.31"]
[SourceVersion "1"]
[SourceVersionDate "2020.03.31"]
[SourceQuality "1"]
[WhiteTeam "Krasnany"]
[BlackTeam "Bratislava Slovan IV"]
[WhiteTeamCountry "SVK"]
[BlackTeamCountry "SVK"]

1. e4 d6 2. d4 Nd7 3. Nc3 e5 4. Nf3 Ngf6 5. Bg5 c6 6. h3 Be7 7. Be3 Qc7 8. a4 Nf8 9. Be2 Ng6 10. Qd2 0-0 11. g3 Bd7 12. h4 Rfe8 13. h5 Nf8 14. 0-0-0 b5 15. axb5 cxb5 16. Nd5 Nxd5 17. exd5 e4 18. Ng5 Bf6 19. Nh3 a5 20. Bg5 Bxg5 21. Qxg5 h6 22. Qe3 b4 23. Kd2 a4 24. Ra1 Nh7 25. Nf4 Ng5 26. Rhc1 Qb6 27. Ke1 Bb5 28. c4 bxc3 29. bxc3 Bxe2 30. Qxe2 Reb8 31. Kf1 a3 32. Rc2 Qb3 33. Kg2 Re8 34. Raa2 Nf3 35. Qe3 Qb1 36. Qc1 Ne1+ 37. Kf1 Qxc2 38. Qa1 Qb3 39. Kxe1 Reb8 40. Ne2 Qc4 41. Rxa3 Rxa3 42. Qxa3 Qxd5 43. Qa6 Qxh5 0-1

[Event "SVK-chT2A 1920"]
[Site "Slovakia"]
[Date "2019.12.14"]
[Round "5.6"]
[White "Biro, Karol"]
[Black "Chovanec, Vladimir"]
[Result "1/2-1/2"]
[WhiteElo "2022"]
[BlackElo "2008"]
[PlyCount "92"]
[EventDate "2019.10.26"]
[EventType "team-tourn"]
[EventRounds "11"]
[EventCountry "SVK"]
[SourceTitle "CBM 194 Extra"]
[Source "ChessBase"]
[SourceDate "2020.03.31"]
[SourceVersion "1"]
[SourceVersionDate "2020.03.31"]
[SourceQuality "1"]
[WhiteTeam "Krasnany"]
[BlackTeam "Bratislava Doprastav II"]
[WhiteTeamCountry "SVK"]
[BlackTeamCountry "SVK"]

1. c4 e5 2. Nc3 Nc6 3. g3 f5 4. d3 Nf6 5. Bg2 d6 6. e3 Be7 7. Nge2 0-0 8. 0-0 Qe8 9. Bd2 Kh8 10. Nd5 Bd8 11. Nec3 Ne7 12. Nxf6 Rxf6 13. f4 c6 14. Be1 Bc7 15. Bf2 Bd7 16. b4 a6 17. a4 Rf8 18. b5 Qg6 19. Qc2 Rae8 20. bxa6 bxa6 21. Rab1 Bc8 22. Bf3 Qf6 23. Kh1 Rd8 24. Be1 Qf7 25. Bg2 Qh5 26. Na2 Qe8 27. Bc3 Qd7 28. Qb2 Rde8 29. Rbd1 Qe6 30. Nb4 Qd7 31. fxe5 dxe5 32. d4 Rd8 33. d5 cxd5 34. Bxe5 Bxe5 35. Qxe5 Rde8 36. Qa1 Bb7 37. Kg1 Qe6 38. Nc2 Qc8 39. Qb2 Qxc4 40. Nd4 Qc8 41. Rb1 Ba8 42. a5 Nc6 43. Rfc1 Qd7 44. Qb6 Rf6 45. Qc5 Ne5 46. Rb6 Nc4 1/2-1/2

[Event "SVK-chT2A 1920"]
[Site "Slovakia"]
[Date "2019.11.16"]
[Round "3.4"]
[White "Biro, Karol"]
[Black "Pozsar, Peter"]
[Result "0-1"]
[WhiteElo "2034"]
[BlackElo "1846"]
[PlyCount "150"]
[EventDate "2019.10.26"]
[EventType "team-tourn"]
[EventRounds "11"]
[EventCountry "SVK"]
[SourceTitle "CBM 193 Extra"]
[Source "ChessBase"]
[SourceDate "2020.01.31"]
[SourceVersion "1"]
[SourceVersionDate "2020.01.31"]
[SourceQuality "1"]
[WhiteTeam "Krasnany"]
[BlackTeam "Senec"]
[WhiteTeamCountry "SVK"]
[BlackTeamCountry "SVK"]

1. e4 c5 2. Nf3 Nc6 3. b3 d6 4. Bb2 e6 5. d4 cxd4 6. Nxd4 Nf6 7. Nxc6 bxc6 8. e5 Ne4 9. exd6 Qa5+ 10. c3 Qf5 11. Qc2 Nxd6 12. Qxf5 Nxf5 13. Bd3 Nd6 14. c4 f6 15. 0-0 Kf7 16. Nc3 Rb8 17. Rfd1 Be7 18. Ne4 Nb7 19. Be2 Rd8 20. Rxd8 Bxd8 21. Rd1 Be7 22. Bd4 e5 23. Bc3 Be6 24. h3 Rc8 25. b4 a5 26. bxa5 Ra8 27. Rb1 Nxa5 28. Nd2 Ra7 29. Kf1 c5 30. Rb6 Nb7 31. Ke1 Nd6 32. Rb2 Ra4 33. Bd1 Ra3 34. Bb3 Bf5 35. Ke2 h6 36. f3 Be6 37. Rb1 Nf5 38. Bb2 Ra7 39. Bc2 Nd6 40. Bb3 Nf5 41. g4 Nd6 42. Rc1 h5 43. gxh5 Bxh3 44. a4 Be6 45. Bc2 Nf5 46. Ra1 Ng3+ 47. Kf2 Nxh5 48. Be4 Nf4 49. Bc3 Bd6 50. Bc6 f5 51. Bb5 Kf6 52. a5 Nd3+ 53. Ke3 Nb4 54. Bxb4 cxb4 55. Nb3 g5 56. a6 f4+ 57. Ke4 g4 58. fxg4 Bxg4 59. Kd5 Bb8 60. Nc5 Bf3+ 61. Ne4+ Kf5 62. Re1 Rc7 63. c5 Ba7 64. c6 b3 65. Bd3 Rc8 66. Bb1 b2 67. Kd6 Bb8+ 68. Kc5 Ba7+ 69. Kb5 Kg4 70. Nd6 Bxc6+ 71. Kb4 Rb8+ 72. Kc4 Rd8 73. Nb5 Be3 74. Na3 Ba4 75. Kb4 Bd2+ 0-1

[Event "SVK-ch 65"]
[Site "Tatranske Matliare"]
[Date "2019.05.26"]
[Round "2"]
[White "Lejnarova, Maria"]
[Black "Biro, Karol"]
[Result "0-1"]
[WhiteElo "1828"]
[BlackElo "2035"]
[PlyCount "66"]
[EventDate "2019.05.25"]
[EventType "swiss"]
[EventRounds "9"]
[EventCountry "SVK"]
[SourceTitle "CBM 190 Extra"]
[Source "ChessBase"]
[SourceDate "2019.07.15"]
[SourceVersion "1"]
[SourceVersionDate "2019.07.15"]
[SourceQuality "1"]

1. d4 Nf6 2. c4 e6 3. Nf3 b6 4. Nc3 Bb7 5. e3 Be7 6. Be2 0-0 7. 0-0 d5 8. cxd5 exd5 9. a3 c5 10. dxc5 bxc5 11. Qc2 Nbd7 12. b3 Rc8 13. Rd1 Bd6 14. Qf5 Qe7 15. Bb2 Bb8 16. Rac1 Qe6 17. Bd3 Rfe8 18. Ng5 Qe5 19. Nf3 Qe7 20. Na4 Bd6 21. Ng5 g6 22. Qh3 Be5 23. Bb5 Bxb2 24. Nxb2 Red8 25. Bxd7 Rxd7 26. Na4 Rdc7 27. Nc3 Kg7 28. Nb5 Rd7 29. Nxa7 Rcd8 30. Nb5 Qe5 31. Rxc5 Qxg5 32. a4 Ne4 33. Nd4 Nxc5 0-1

[Event "SVK-chT2A 1819"]
[Site "Slovakia"]
[Date "2019.03.03"]
[Round "9.4"]
[White "Kosnac, Patrik"]
[Black "Biro, Karol"]
[Result "1/2-1/2"]
[WhiteElo "1937"]
[BlackElo "2065"]
[PlyCount "78"]
[EventDate "2018.10.13"]
[EventType "team-tourn"]
[EventRounds "11"]
[EventCountry "SVK"]
[SourceTitle "EXT 2020"]
[Source "ChessBase"]
[SourceDate "2019.10.17"]
[SourceVersion "1"]
[SourceVersionDate "2019.10.17"]
[SourceQuality "1"]
[WhiteTeam "Pezinok"]
[BlackTeam "Krasnany"]
[WhiteTeamCountry "SVK"]
[BlackTeamCountry "SVK"]

1. d4 Nf6 2. Nf3 e6 3. c4 b6 4. Nc3 Bb7 5. e3 Be7 6. Bd3 d5 7. cxd5 exd5 8. 0-0 Nbd7 9. Bd2 0-0 10. Rc1 a6 11. Ne2 Bd6 12. Bc3 Re8 13. Ng3 g6 14. Re1 Ne4 15. Qc2 Rc8 16. Nd2 Qh4 17. Bxe4 dxe4 18. Nc4 Nf6 19. Nxd6 cxd6 20. Qb3 b5 21. Bb4 Ng4 22. h3 Nxf2 23. Kxf2 Re6 24. Rxc8+ Bxc8 25. Qc2 Rf6+ 26. Kg1 Bxh3 27. gxh3 Rf3 28. Bxd6 Rxg3+ 29. Bxg3 Qxg3+ 30. Kf1 Qxh3+ 31. Qg2 Qe6 32. Rc1 h5 33. Qg3 Kh7 34. a3 f6 35. Qc7+ Kh6 36. Qc8 Qb3 37. Qc3 Qe6 38. Qd2 Qh3+ 39. Ke2 Qf3+ 1/2-1/2

[Event "SVK-chT2A 1819"]
[Site "Slovakia"]
[Date "2019.03.02"]
[Round "8.4"]
[White "Biro, Karol"]
[Black "Sobek, Michal"]
[Result "0-1"]
[WhiteElo "2065"]
[BlackElo "2053"]
[PlyCount "66"]
[EventDate "2018.10.13"]
[EventType "team-tourn"]
[EventRounds "11"]
[EventCountry "SVK"]
[SourceTitle "EXT 2020"]
[Source "ChessBase"]
[SourceDate "2019.10.17"]
[SourceVersion "1"]
[SourceVersionDate "2019.10.17"]
[SourceQuality "1"]
[WhiteTeam "Krasnany"]
[BlackTeam "Modra II"]
[WhiteTeamCountry "SVK"]
[BlackTeamCountry "SVK"]

1. c4 Nf6 2. Nc3 c5 3. Nf3 g6 4. e4 Nc6 5. Be2 Bg7 6. d4 cxd4 7. Nxd4 Nxd4 8. Qxd4 d6 9. 0-0 0-0 10. Qd2 Bd7 11. b3 Nxe4 12. Nxe4 Bxa1 13. Bb2 Bxb2 14. Qxb2 Bc6 15. Nc3 Qa5 16. Rd1 Rac8 17. Bf1 Rfd8 18. b4 Qe5 19. Qd2 a6 20. Re1 Qf6 21. Re3 e6 22. b5 axb5 23. cxb5 Be8 24. Ne4 Qe5 25. a4 d5 26. Ng3 Qa1 27. Re1 Qxa4 28. Qh6 Bxb5 29. Nh5 gxh5 30. Qg5+ Kf8 31. Qh6+ Ke7 32. Qg5+ Kd7 33. Qxh5 Rf8 0-1

[Event "SVK-chT2A 1819"]
[Site "Slovakia"]
[Date "2019.02.03"]
[Round "7.4"]
[White "Hacik, Radomir"]
[Black "Biro, Karol"]
[Result "1/2-1/2"]
[WhiteElo "2140"]
[BlackElo "2072"]
[PlyCount "71"]
[EventDate "2018.10.13"]
[EventType "team-tourn"]
[EventRounds "11"]
[EventCountry "SVK"]
[SourceTitle "CBM 189 Extra"]
[Source "ChessBase"]
[SourceDate "2019.06.03"]
[SourceVersion "1"]
[SourceVersionDate "2019.06.03"]
[SourceQuality "1"]
[WhiteTeam "Bratislava Slovan V"]
[BlackTeam "Krasnany"]
[WhiteTeamCountry "SVK"]
[BlackTeamCountry "SVK"]

1. e4 e5 2. Nf3 Nc6 3. Bb5 a6 4. Ba4 Nf6 5. 0-0 Be7 6. Re1 b5 7. Bb3 0-0 8. a4 b4 9. d3 d6 10. a5 Bg4 11. Be3 d5 12. h3 Bxf3 13. Qxf3 dxe4 14. dxe4 Nd4 15. Bxd4 Qxd4 16. c3 bxc3 17. bxc3 Qc5 18. Nd2 Rab8 19. Reb1 Rb5 20. Bc2 Rxb1+ 21. Bxb1 Rb8 22. Qd3 Rd8 23. Qc2 Nh5 24. Ba2 Nf4 25. Nc4 Bh4 26. Ne3 Qxc3 27. Qxc3 Ne2+ 28. Kf1 Nxc3 29. Bd5 Bg5 30. Ra3 Nxd5 31. Nxd5 c6 32. Nb4 Rc8 33. Rc3 c5 34. Rc4 Bd8 35. Nxa6 Bxa5 36. Rxc5 1/2-1/2

[Event "SVK-chT2A 1718"]
[Site "Slovakia"]
[Date "2018.02.25"]
[Round "9.3"]
[White "Biro, Karol"]
[Black "Cech, Dominik"]
[Result "1-0"]
[WhiteElo "2059"]
[BlackElo "2170"]
[PlyCount "123"]
[EventDate "2017.10.28"]
[EventType "team-tourn"]
[EventRounds "11"]
[EventCountry "SVK"]
[SourceTitle "EXT 2020"]
[Source "ChessBase"]
[SourceDate "2019.10.17"]
[SourceVersion "1"]
[SourceVersionDate "2019.10.17"]
[SourceQuality "1"]
[WhiteTeam "Krasnany"]
[BlackTeam "Bratislava Doprastav"]
[WhiteTeamCountry "SVK"]
[BlackTeamCountry "SVK"]

1. Nf3 Nf6 2. c4 g6 3. b3 Bg7 4. Bb2 0-0 5. e3 c5 6. Be2 Nc6 7. 0-0 d6 8. d4 cxd4 9. Nxd4 Bd7 10. Nc3 a6 11. Rc1 Nxd4 12. Qxd4 Bc6 13. Qh4 Qa5 14. a3 b5 15. b4 Qb6 16. Nd5 Bxd5 17. cxd5 Rfc8 18. Bf3 a5 19. Rc6 Rxc6 20. dxc6 axb4 21. Qxb4 Ra4 22. c7 Qxc7 23. Qxb5 Ra5 24. Qb4 Rc5 25. g3 Nd7 26. Bd4 Rc4 27. Qb2 Bxd4 28. exd4 Qa7 29. Rd1 Nf8 30. Bd5 Ra4 31. Rd3 Ra5 32. Bc6 d5 33. a4 Ne6 34. Qb4 Nd8 35. Bb5 Kg7 36. Qe1 Ne6 37. Qe5+ Kh6 38. Qxd5 Qc7 39. Qf3 Kg7 40. d5 Nc5 41. Rc3 Qd6 42. Rc4 Nb7 43. Rf4 f6 44. Re4 Nc5 45. Rc4 Ra7 46. h4 Nd7 47. Qe3 Rb7 48. f4 Nb6 49. Rc6 Nxd5 50. Qd4 Qd8 51. Rc1 Qb6 52. Qxb6 Nxb6 53. a5 Na8 54. Bf1 Ra7 55. a6 Nc7 56. Rc6 Kf7 57. Rb6 Ne8 58. Rb7 Ra8 59. Bc4+ Kg7 60. Rxe7+ Kh6 61. a7 Rd8 62. Bd5 1-0

[Event "SVK-chT2A 1617"]
[Site "Slovakia"]
[Date "2017.02.12"]
[Round "9.3"]
[White "Biro, Karol"]
[Black "Cech, Dominik"]
[Result "1-0"]
[WhiteElo "2087"]
[BlackElo "2174"]
[PlyCount "135"]
[EventDate "2016.10.08"]
[EventType "team-tourn"]
[EventRounds "11"]
[EventCountry "SVK"]
[SourceTitle "EXT 2018"]
[Source "ChessBase"]
[SourceDate "2017.10.13"]
[SourceVersion "1"]
[SourceVersionDate "2017.10.13"]
[SourceQuality "1"]
[WhiteTeam "Krasnany"]
[BlackTeam "Bratislava Doprastav"]
[WhiteTeamCountry "SVK"]
[BlackTeamCountry "SVK"]

1. d4 Nf6 2. Nf3 g6 3. Bg5 Bg7 4. Nc3 d5 5. e3 0-0 6. Bd3 c5 7. 0-0 cxd4 8. exd4 Nc6 9. h3 h6 10. Be3 Re8 11. Bb5 Bd7 12. Ba4 Na5 13. Bb3 e6 14. Re1 Rc8 15. Bf4 b5 16. a3 Qb6 17. Ne5 Rf8 18. Ne2 Bc6 19. Ng3 Nc4 20. Bxc4 dxc4 21. Nxc6 Qxc6 22. Be5 Rfd8 23. c3 a5 24. Qd2 Kh7 25. Qf4 g5 26. Qd2 Rg8 27. Qc2+ Kh8 28. Qe2 Nd7 29. Bxg7+ Rxg7 30. Rad1 Qd5 31. Ne4 Rb8 32. Qe3 Kh7 33. Nc5 Rd8 34. Nxd7 Rxd7 35. Qg3 f6 36. Re2 e5 37. Qg4 Rge7 38. Rde1 Rd8 39. Qf5+ Kg7 40. dxe5 fxe5 41. Rxe5 Rxe5 42. Qxe5+ Qxe5 43. Rxe5 Rd1+ 44. Kh2 b4 45. axb4 axb4 46. cxb4 Rd2 47. Re4 Rxf2 48. Rxc4 Rxb2 49. h4 gxh4 50. Rxh4 Kg6 51. Rc4 h5 52. Kh3 Rb3+ 53. g3 Rb1 54. Rc6+ Kg7 55. Rb6 Rh1+ 56. Kg2 Rb1 57. b5 Rb4 58. Kh3 Kf7 59. Rb8 Kg7 60. b6 Kh7 61. b7 Kg7 62. Kg2 Rb3 63. Kf2 Kh7 64. Ke2 Kg7 65. Kd2 Kh7 66. Kc2 Rxg3 67. Rc8 Rg2+ 68. Kd3 1-0

[Event "SVK-chT2A 1617"]
[Site "Slovakia"]
[Date "2017.02.11"]
[Round "8.3"]
[White "Macka, Oto"]
[Black "Biro, Karol"]
[Result "1-0"]
[WhiteElo "2062"]
[BlackElo "2087"]
[PlyCount "75"]
[EventDate "2016.10.08"]
[EventType "team-tourn"]
[EventRounds "11"]
[EventCountry "SVK"]
[SourceTitle "EXT 2018"]
[Source "ChessBase"]
[SourceDate "2017.10.13"]
[SourceVersion "1"]
[SourceVersionDate "2017.10.13"]
[SourceQuality "1"]
[WhiteTeam "Bratislava Doprastav II"]
[BlackTeam "Krasnany"]
[WhiteTeamCountry "SVK"]
[BlackTeamCountry "SVK"]

1. c4 d6 2. d4 e5 3. Nf3 e4 4. Ng5 f5 5. g3 h6 6. Nh3 g5 7. Ng1 Be7 8. Nc3 Be6 9. b3 Bf7 10. Bh3 Bg6 11. Nd5 Nf6 12. Nxe7 Kxe7 13. Qd2 c5 14. Bb2 Nc6 15. d5 Ne5 16. f4 exf3 17. exf3 Kd7 18. 0-0-0 Kc7 19. Bg2 f4 20. Bxe5 dxe5 21. d6+ Kb8 22. d7 b6 23. Qd6+ Kb7 24. Qxe5 Rh7 25. Bh3 a5 26. Ne2 fxg3 27. Nxg3 g4 28. fxg4 Ka6 29. Bg2 Nxd7 30. Bxa8 Qxa8 31. Qd5 Qd8 32. Rhe1 Qf8 33. Nf5 h5 34. Qd6 Qh8 35. Qxg6 hxg4 36. Re2 Ne5 37. Rxe5 Rxh2 38. Qe8 1-0

[Event "SVK-chT2A 1516"]
[Site "Slovakia"]
[Date "2015.10.17"]
[Round "1.4"]
[White "Biro, Karol"]
[Black "Bango, Lukas"]
[Result "0-1"]
[WhiteElo "2082"]
[BlackElo "2052"]
[PlyCount "69"]
[EventDate "2015.10.17"]
[EventType "team-tourn"]
[EventRounds "11"]
[EventCountry "SVK"]
[SourceTitle "CBM 169 Extra"]
[Source "ChessBase"]
[SourceDate "2015.12.18"]
[SourceVersion "1"]
[SourceVersionDate "2015.12.18"]
[SourceQuality "1"]
[WhiteTeam "Krasnany"]
[BlackTeam "Trnava Modranka"]
[WhiteTeamCountry "SVK"]
[BlackTeamCountry "SVK"]

1. Nf3 g6 2. g3 Bg7 3. Bg2 e5 4. 0-0 d6 5. d3 f5 6. e4 Ne7 7. Nc3 Nbc6 8. Be3 0-0 9. Qd2 fxe4 10. dxe4 Bg4 11. Ne1 Qd7 12. f3 Be6 13. Nd5 Bf7 14. Nxe7+ Nxe7 15. Nd3 b6 16. f4 exf4 17. Nxf4 Bxb2 18. Bh3 Qc6 19. Ne6 Bxa1 20. Rxa1 Qxe4 21. Nxf8 Rxf8 22. Bh6 Qe5 23. Re1 Qc5+ 24. Qf2 Qxf2+ 25. Kxf2 Re8 26. Bd7 Nf5 27. Bxe8 Nxh6 28. Bd7 Kf8 29. a3 Ng8 30. h4 Nf6 31. Bc8 d5 32. Kf3 Ne4 33. Kf4 h6 34. Bb7 Nd2 35. Ke5 0-1

[Event "SVK-chT2A 1415"]
[Site "Slovakia"]
[Date "2015.03.07"]
[Round "10.3"]
[White "Mydlarik, Martin"]
[Black "Biro, Karol"]
[Result "0-1"]
[WhiteElo "2138"]
[BlackElo "2136"]
[PlyCount "94"]
[EventDate "2014.10.11"]
[EventType "team-tourn"]
[EventRounds "11"]
[EventCountry "SVK"]
[SourceTitle "EXT 2016"]
[Source "ChessBase"]
[SourceDate "2015.10.08"]
[SourceVersion "1"]
[SourceVersionDate "2015.10.08"]
[SourceQuality "1"]
[WhiteTeam "Modra II"]
[BlackTeam "Bratislava Krasnany"]
[WhiteTeamCountry "SVK"]
[BlackTeamCountry "SVK"]

1. c4 e5 2. Nc3 Nc6 3. g3 Nf6 4. Bg2 Bc5 5. e3 0-0 6. Nge2 d5 7. d4 Bb4 8. dxe5 Nxe5 9. 0-0 dxc4 10. Qa4 Qe7 11. e4 c6 12. Bg5 Bc5 13. h3 h6 14. Bc1 b5 15. Qc2 Nd3 16. e5 Qxe5 17. Bf4 Nxf4 18. Nxf4 Bf5 19. Qe2 Qxe2 20. Nfxe2 Rac8 21. g4 Bd3 22. Rfe1 g5 23. Ng3 Rfd8 24. Rad1 Nd5 25. Nge4 Bd4 26. Nxd5 cxd5 27. Nc3 Bxc3 28. bxc3 d4 29. cxd4 Rxd4 30. Re7 c3 31. Bf3 c2 32. Rc1 Bg6 33. Kf1 Rb4 34. Bd5 a5 35. Ke1 Rd4 36. Re5 Rc3 37. Ke2 Rcd3 38. Bxf7+ Bxf7 39. Rxc2 Rxh3 40. Rc8+ Kg7 41. Rc7 Rf4 42. Rxb5 Ra3 43. Rb2 Rxg4 44. Kf1 Rga4 45. Rbb7 Rf4 46. Rb2 Kg6 47. Rb6+ Rf6 0-1

[Event "SVK-chT2A 1415"]
[Site "Slovakia"]
[Date "2014.12.07"]
[Round "6.3"]
[White "Biro, Karol"]
[Black "Kralovic, Andrej"]
[Result "0-1"]
[WhiteElo "2136"]
[BlackElo "2172"]
[PlyCount "62"]
[EventDate "2014.10.11"]
[EventType "team-tourn"]
[EventRounds "11"]
[EventCountry "SVK"]
[SourceTitle "EXT 2016"]
[Source "ChessBase"]
[SourceDate "2015.10.08"]
[SourceVersion "1"]
[SourceVersionDate "2015.10.08"]
[SourceQuality "1"]
[WhiteTeam "Bratislava Krasnany"]
[BlackTeam "Bratislava KSN"]
[WhiteTeamCountry "SVK"]
[BlackTeamCountry "SVK"]

1. e4 e6 2. d4 d5 3. Nc3 Nf6 4. Bg5 Bb4 5. e5 h6 6. exf6 hxg5 7. fxg7 Rg8 8. Qd3 Qf6 9. a3 Ba5 10. Nf3 Nc6 11. 0-0-0 Qxg7 12. Re1 Bxc3 13. Qxc3 Bd7 14. Nd2 Qxd4 15. Qg3 Qf4 16. Qxf4 gxf4 17. Nf3 Ke7 18. g3 fxg3 19. hxg3 Rh8 20. Nh4 Kd6 21. Bg2 Ne7 22. Rd1 Ng6 23. Nxg6 fxg6 24. f4 Rxh1 25. Rxh1 g5 26. Kd2 Rg8 27. Bf3 Rf8 28. Ke3 gxf4+ 29. gxf4 d4+ 30. Kxd4 Rxf4+ 31. Ke3 Rxf3+ 0-1

[Event "SVK-chT2A 1415"]
[Site "Slovakia"]
[Date "2014.11.08"]
[Round "3.2"]
[White "Biro, Karol"]
[Black "Kalmar, Tamas"]
[Result "1-0"]
[WhiteElo "2136"]
[BlackElo "1966"]
[PlyCount "75"]
[EventDate "2014.10.11"]
[EventType "team-tourn"]
[EventRounds "11"]
[EventCountry "SVK"]
[SourceTitle "EXT 2016"]
[Source "ChessBase"]
[SourceDate "2015.10.08"]
[SourceVersion "1"]
[SourceVersionDate "2015.10.08"]
[SourceQuality "1"]
[WhiteTeam "Bratislava Krasnany"]
[BlackTeam "Potonska Veza"]
[WhiteTeamCountry "SVK"]
[BlackTeamCountry "SVK"]

1. c4 e6 2. Nc3 d5 3. d4 Nf6 4. Nf3 Be7 5. Bg5 c6 6. e3 Nbd7 7. Qc2 0-0 8. a3 b6 9. Bd3 dxc4 10. Bxc4 Bb7 11. Rd1 h6 12. Bh4 Nd5 13. Bg3 Nxc3 14. Qxc3 Nf6 15. 0-0 Ne4 16. Qc2 Nxg3 17. hxg3 Qc7 18. Ba2 Rac8 19. Ne5 Bd6 20. Bb1 f5 21. Ba2 Rce8 22. Nd3 c5 23. Nf4 Rf6 24. dxc5 Bxf4 25. exf4 Qc6 26. f3 Rc8 27. Rfe1 Kh8 28. Re5 bxc5 29. Bc4 Rg6 30. Qf2 Qb6 31. Re2 Rc6 32. Qe1 Ba6 33. Qc3 Bxc4 34. Qxc4 a6 35. Rc2 Rf6 36. Re1 Rf8 37. Re5 Rfc8 38. b4 1-0